[Event "AUTO-OPEN-3156"]
[Site "http://www.queenalice.com/game.php?id=1244722"]
[Date "2014.1.3"]
[Round "1"]
[White "prado1995"]
[Black "duberry"]
[Result "0-1"]
[WhiteElo "1049"]
[BlackElo "2039"]

1. e4 c5 2. Nc3 Nf6 3. e5 Ng8 4. Bc4 e6 5. Nf3 Nc6 6. O-O a6 7. a4 d5 8. exd6
Bxd6 9. Re1 Nf6 10. d4 cxd4 11. Ne4 Be7 12. Bg5 Nxe4 13. Bxe7 Nxf2 0-1

[Event "AUTO-OPEN-3156"]
[Site "http://www.queenalice.com/game.php?id=1244723"]
[Date "2014.1.3"]
[Round "1"]
[White "duberry"]
[Black "prado1995"]
[Result "1-0"]
[WhiteElo "2039"]
[BlackElo "1056"]

1. e4 e5 2. Nc3 d6 3. Bc4 Nf6 4. d4 h6 5. f3 a6 6. dxe5 dxe5 7. Bxf7+ Ke7 8.
Qxd8+ Kxd8 9. Be3 Nc6 10. O-O-O+ Ke7 11. Bg6 Nb4 12. f4 exf4 13. Bxf4 1-0

[Event "AUTO-OPEN-3156"]
[Site "http://www.queenalice.com/game.php?id=1244724"]
[Date "2014.1.3"]
[Round "1"]
[White "prado1995"]
[Black "landscapsy"]
[Result "0-1"]
[WhiteElo "1049"]
[BlackElo "1736"]

1. e4 e5 2. Nf3 d6 3. Bc4 Bg4 4. h3 Bxf3 5. Qxf3 Nf6 6. Nc3 c6 7. O-O Be7 8. Re1
O-O 9. d3 Nbd7 10. Bg5 a5 11. a4 Rb8 12. Bxf6 Nxf6 13. Ne2 h6 14. Rab1 b5 15.
axb5 cxb5 16. Ba2 b4 17. b3 Qc8 18. Rbc1 Nh7 19. Bb1 Ng5 20. Qg3 Qe6 21. h4 Nh7
22. d4 exd4 23. Nxd4 Qf6 24. Nc6 Ra8 25. Nxe7+ Qxe7 26. h5 Qe5 27. Qxe5 dxe5 28.
c3 bxc3 29. Rxc3 Nf6 30. Rc5 Rfe8 31. Bc2 Nxh5 32. Rd1 f6 33. f3 Rec8 34. Rxc8+
Rxc8 35. Bb1 Rc3 36. Ba2 Rc2 37. Ra1 Nf4 38. b4+ Kf8 39. bxa5 Rxg2+ 40. Kf1 Rc2
41. Bb3 Rc7 42. a6 Ra7 43. Bc4 Ke7 44. Kf2 Ne6 45. Kg3 Nc5 46. Kg4 g6 47. Ra5
Nxa6 48. Bxa6 Rc7 49. Be2 Rc2 50. Bf1 Rf2 51. Bh3 h5+ 52. Kg3 Rd2 53. Ra7+ Ke8
54. Rg7 g5 55. Rh7 h4+ 56. Kg4 Rh2 0-1

[Event "AUTO-OPEN-3156"]
[Site "http://www.queenalice.com/game.php?id=1244725"]
[Date "2014.1.3"]
[Round "1"]
[White "landscapsy"]
[Black "prado1995"]
[Result "1-0"]
[WhiteElo "1766"]
[BlackElo "1031"]

1. d4 d5 2. c4 Nf6 3. cxd5 Nxd5 4. Nc3 c6 5. e4 Nxc3 6. bxc3 e6 7. a3 b6 8. c4
Bb7 9. g3 c5 10. d5 exd5 11. cxd5 Qe7 12. Qe2 f6 13. Bg2 Qe5 14. Bb2 Qd6 15. Rd1
Nd7 16. Nf3 Be7 17. O-O a5 18. Nh4 Ba6 19. Qg4 Bxf1 20. Bxf1 g5 21. Qh5+ Kd8 22.
Nf5 Qc7 23. Nxe7 Nb8 24. d6 Qd7 25. Bxf6 1-0

[Event "AUTO-OPEN-3156"]
[Site "http://www.queenalice.com/game.php?id=1244726"]
[Date "2014.1.3"]
[Round "1"]
[White "prado1995"]
[Black "hrob"]
[Result "0-1"]
[WhiteElo "1100"]
[BlackElo "1362"]

1. e4 e5 2. Nf3 Nc6 3. Bc4 Nf6 4. Nc3 Nxe4 5. Nxe4 d5 6. Bxd5 Qxd5 7. d3 Bg4 8.
h3 Bh5 9. Bh6 f5 10. g4 fxe4 11. dxe4 Qxe4+ 12. Qe2 Bg6 13. Bg5 Bd6 14. c3 O-O
15. Nd2 Qxh1+ 0-1

[Event "Let's Play Chess!"]
[Site "http://www.queenalice.com/game.php?id=1249953"]
[Date "2014.1.21"]
[Round "-"]
[White "carlosufpe"]
[Black "prado1995"]
[Result "0-1"]
[WhiteElo "1734"]
[BlackElo "1186"]

1. d4 d5 2. e3 Nc6 3. c4 e6 4. cxd5 exd5 5. Bb5 Bd7 6. Nf3 a6 7. Bxc6 Bxc6 8.
O-O Bb4 9. Bd2 Bxd2 10. Qxd2 Nf6 11. Qb4 Rb8 12. a3 Bb5 13. Re1 Ne4 14. Nbd2
Nxd2 15. Nxd2 Bc6 16. Qc3 O-O 17. Nf3 Re8 18. Ne5 Qd6 19. b4 f6 20. Nxc6 Qxc6
21. Qxc6 bxc6 22. Rec1 Re6 23. Rc5 Rb5 24. Rc3 a5 25. bxa5 Rxa5 26. Rb3 h6 27.
Rb7 Re7 28. g3 c5 29. dxc5 Rxc5 30. a4 Ra5 31. h4 Kf7 32. Rb5 Rxb5 33. axb5 Re6
34. Ra7 Re7 35. b6 cxb6 36. Rxe7+ Kxe7 37. Kf1 b5 0-1

[Event "AUTO-BEG-601"]
[Site "http://www.queenalice.com/game.php?id=1249980"]
[Date "2014.1.21"]
[Round "1"]
[White "PetrossianNeryvinsky"]
[Black "prado1995"]
[Result "1-0"]
[WhiteElo "1317"]
[BlackElo "1087"]

1. Nf3 d5 2. e3 Nc6 3. Bb5 Bd7 4. Bxc6 Bxc6 5. d4 Nf6 6. Ne5 e6 7. Nxc6 bxc6 8.
a3 c5 9. c4 dxc4 10. Qa4+ Qd7 11. Qxc4 cxd4 12. f3 c5 13. O-O e5 14. e4 Be7 15.
Bg5 Rc8 16. a4 h6 17. Bh4 O-O 18. Rd1 Rfe8 19. Rd3 Qb7 20. b3 Nd7 21. Be1 Nb6
22. Qc2 c4 23. Rd1 c3 24. Rd3 a5 25. Bg3 Bf6 26. Na3 Qa6 27. Re1 h5 28. Nb5 Nd7
29. f4 Rcd8 30. Nc7 Qb6 31. Nxe8 Rxe8 32. Red1 1-0

[Event "AUTO-BEG-601"]
[Site "http://www.queenalice.com/game.php?id=1249981"]
[Date "2014.1.21"]
[Round "1"]
[White "prado1995"]
[Black "PetrossianNeryvinsky"]
[Result "0-1"]
[WhiteElo "1070"]
[BlackElo "1324"]

1. e4 e5 2. Nf3 f6 3. Bc4 Bc5 4. Nc3 Ne7 5. O-O a5 6. a3 Ng6 7. d3 d6 8. h3 f5
9. exf5 Bxf5 10. Ng5 Qf6 11. Nd5 Qd8 12. Re1 b5 13. Ba2 h6 14. Nf3 c6 15. Ne3
Qd7 16. Bd2 Nf4 17. Nxf5 Qxf5 18. Bxf4 Qxf4 19. Re2 Nd7 20. Be6 Nf6 21. c3 h5
22. b4 axb4 23. axb4 Ke7 24. Rxa8 Rxa8 25. bxc5 Kxe6 26. cxd6 Nd7 27. d4 e4 28.
Qb1 Nf6 29. Nd2 Kd5 30. d7 Rd8 31. Qb3+ Kd6 0-1

[Event "AUTO-BEG-601"]
[Site "http://www.queenalice.com/game.php?id=1249996"]
[Date "2014.1.21"]
[Round "1"]
[White "Lemur"]
[Black "prado1995"]
[Result "0-1"]
[WhiteElo "972"]
[BlackElo "1031"]

1. d3 d5 2. Nc3 d4 3. Nd5 Qxd5 4. Bf4 e5 5. Bg3 Bb4+ 6. Qd2 Bxd2+ 7. Kxd2 Nc6 8.
Nf3 e4 9. Ne5 Nxe5 10. h4 Nf6 11. h5 Bg4 12. Bh4 Rd8 13. h6 gxh6 14. f4 exf3 15.
g3 fxe2 16. Bxe2 Bxe2 17. Kxe2 Qg2+ 18. Ke1 Nf3+ 19. Kd1 Qd2# 0-1

[Event "AUTO-BEG-601"]
[Site "http://www.queenalice.com/game.php?id=1249997"]
[Date "2014.1.21"]
[Round "1"]
[White "prado1995"]
[Black "Lemur"]
[Result "1-0"]
[WhiteElo "1116"]
[BlackElo "1063"]

1. e4 e5 2. Nf3 d6 3. Bc4 Nf6 4. Ng5 Be7 5. Nxf7 Qd7 6. Nxh8 Nc6 7. Nf7 Nd4 8.
Nc3 Kf8 9. d3 c6 10. O-O a5 11. Be3 Ne6 12. Bxe6 Qxe6 13. Ng5 Qd7 14. d4 c5 15.
dxc5 Ra6 16. cxd6 Bxd6 17. Qf3 Rc6 18. Nxh7+ Kf7 19. Nxf6 Qe7 20. Nfd5+ Ke8 21.
Nxe7 Kxe7 22. Nd5+ Ke6 23. Qf5# 1-0

[Event "AUTO-BEG-601"]
[Site "http://www.queenalice.com/game.php?id=1250008"]
[Date "2014.1.21"]
[Round "1"]
[White "prado1995"]
[Black "leiboe"]
[Result "0-1"]
[WhiteElo "1003"]
[BlackElo "1018"]

1. e4 e5 2. Nf3 Nc6 3. Bc4 Nf6 4. Nc3 Bc5 5. O-O d6 6. Ng5 O-O 7. d3 h6 8. Nf3
Nd4 9. Nxd4 exd4 10. Nd5 Nxd5 11. Bxd5 c6 12. Bc4 b5 13. Bb3 Be6 14. Bxe6 fxe6
15. Qg4 e5 0-1

[Event "AUTO-BEG-601"]
[Site "http://www.queenalice.com/game.php?id=1250009"]
[Date "2014.1.21"]
[Round "1"]
[White "leiboe"]
[Black "prado1995"]
[Result "1-0"]
[WhiteElo "1078"]
[BlackElo "987"]

1. Nf3 Nc6 2. Nc3 e5 3. d4 exd4 4. Nxd4 Nxd4 5. e3 Nc6 6. Bb5 d6 7. O-O Bd7 8.
Bxc6 Bxc6 9. Nd5 Bxd5 10. Qxd5 c6 11. Qe4+ Qe7 12. Qf4 Nf6 13. b3 O-O-O 14. Bb2
Kb8 15. Rad1 1-0

[Event "AUTO-BEG-602"]
[Site "http://www.queenalice.com/game.php?id=1252536"]
[Date "2014.1.30"]
[Round "1"]
[White "prado1995"]
[Black "thiagobh"]
[Result "0-1"]
[WhiteElo "1039"]
[BlackElo "1534"]

1. e4 c6 2. d4 d5 3. e5 Na6 4. Nf3 c5 5. Nc3 cxd4 6. Nxd4 Nc7 7. Ndb5 e6 8.
Nxc7+ Qxc7 9. Bf4 Qb6 10. Rb1 Ne7 11. Bb5+ Nc6 12. Bxc6+ Qxc6 13. O-O h5 14. Re1
Be7 15. h3 g5 16. Bh2 Bd7 0-1

[Event "AUTO-BEG-602"]
[Site "http://www.queenalice.com/game.php?id=1252537"]
[Date "2014.1.30"]
[Round "1"]
[White "thiagobh"]
[Black "prado1995"]
[Result "1-0"]
[WhiteElo "1532"]
[BlackElo "1039"]

1. Nf3 d5 2. g3 Nf6 3. Bg2 Nc6 4. O-O e5 5. d3 Bg4 6. Nbd2 Bb4 7. b3 Bxd2 8.
Qxd2 O-O 9. Qg5 h6 10. Qe3 Bxf3 11. exf3 Re8 12. Bb2 d4 13. Qd2 a6 14. Rfe1 Qd6
15. Qc1 Qe6 16. Qd2 Rab8 17. Re2 1-0

[Event "AUTO-BEG-602"]
[Site "http://www.queenalice.com/game.php?id=1252538"]
[Date "2014.1.30"]
[Round "1"]
[White "prado1995"]
[Black "Hucorov"]
[Result "0-1"]
[WhiteElo "1044"]
[BlackElo "1367"]

1. e4 e5 2. Nf3 Nc6 3. Bc4 Nf6 4. Nc3 Bc5 5. O-O b6 6. Ng5 O-O 7. d3 Nd4 8. Be3
Bb7 9. Nf3 d5 10. exd5 c6 11. dxc6 Bxc6 12. Nxd4 exd4 0-1

[Event "AUTO-BEG-602"]
[Site "http://www.queenalice.com/game.php?id=1252539"]
[Date "2014.1.30"]
[Round "1"]
[White "Hucorov"]
[Black "prado1995"]
[Result "1-0"]
[WhiteElo "1364"]
[BlackElo "1049"]

1. e4 e5 2. Nf3 Nc6 3. d4 d6 4. Nc3 Nf6 5. Bc4 Be7 6. d5 Na5 7. Bd3 Bg4 8. Be3
c6 9. dxc6 bxc6 10. O-O O-O 11. h3 Bxf3 12. Qxf3 h6 13. b4 1-0

[Event "AUTO-BEG-602"]
[Site "http://www.queenalice.com/game.php?id=1252540"]
[Date "2014.1.30"]
[Round "1"]
[White "prado1995"]
[Black "Pancatov"]
[Result "0-1"]
[WhiteElo "1056"]
[BlackElo "1361"]

1. e4 d5 2. Nc3 dxe4 3. Nxe4 Bf5 4. d3 Bxe4 5. dxe4 Qxd1+ 6. Kxd1 Nd7 7. Nf3
O-O-O 8. Bd2 e5 9. a3 f6 10. g3 Nc5 11. Bh3+ Kb8 12. Re1 Na4 13. Kc1 Bc5 14. Be3
Ne7 15. b3 Bxe3+ 16. Rxe3 Nb6 17. a4 Rd6 18. Rd3 Rhd8 19. Rxd6 cxd6 20. Kb2 d5
21. exd5 Rxd5 0-1

[Event "AUTO-BEG-602"]
[Site "http://www.queenalice.com/game.php?id=1252541"]
[Date "2014.1.30"]
[Round "1"]
[White "Pancatov"]
[Black "prado1995"]
[Result "1-0"]
[WhiteElo "1326"]
[BlackElo "1186"]

1. d4 d5 2. c4 e6 3. Nc3 Nf6 4. Bg5 Be7 5. e3 h6 6. Bxf6 Bxf6 7. Nf3 Nc6 8. cxd5
exd5 9. Bb5 Bd7 10. Nxd5 a6 11. Nxf6+ Qxf6 12. Ba4 O-O 13. Rc1 Rfe8 14. O-O b5
15. Bc2 Rec8 16. Be4 Rab8 17. Bb1 Bg4 18. Qc2 Nb4 19. Qh7+ Kf8 20. Ne5 Bh5 21.
Nd7+ 1-0